17 de julio : (Record no. 193765)
[ view plain ]
| 000 -LEADER | |
|---|---|
| campo de control de longitud fija | 01251nam a2200325 i 4500 |
| 001 - NÚMERO DE CONTROL | |
| campo de control | 193765 |
| 003 - IDENTIFICADOR DE NÚMERO DE CONTROL | |
| campo de control | SpMaBN |
| 005 - FECHA Y HORA DE LA ÚLTIMA TRANSACCIÓN | |
| campo de control | 20240411173310.0 |
| 007 - CAMPO FIJO DE DESCRIPCIÓN FÍSICA--INFORMACIÓN GENERAL | |
| campo de control de longitud fija | ta |
| 008 - DATOS DE LONGITUD FIJA--INFORMACIÓN GENERAL | |
| campo de control de longitud fija | 240112s1948 sp | ||| ||spa |
| 016 7# - NÚMERO DE CONTROL DE UNA AGENCIA BIBLIOGRÁFICA NACIONAL | |
| Número de control del registro | bimoBNE19950160782 |
| Número de control cancelado/no válido | BNE20030846390 |
| Fuente | SpMaBN |
| 035 ## - NÚMERO DE CONTROL DEL SISTEMA | |
| Número de control de sistema | (OCoLC)434071543 |
| 035 ## - NÚMERO DE CONTROL DEL SISTEMA | |
| Número de control de sistema | bimo0000441666 |
| 040 ## - FUENTE DE CATALOGACIÓN | |
| Centro catalogador/agencia de origen | SpMaBN |
| Lengua de catalogación | spa |
| Centro/agencia transcriptor | SpMaBN |
| Normas de descripción | rdc |
| Centro/agencia modificador | ES-MaACL |
| 080 ## - NÚMERO DE LA CLASIFICACIÓN DECIMAL UNIVERSAL | |
| Número de la Clasificación Decimal Universal | 946.0"1936/39"(093.3) |
| 100 0# - ENTRADA PRINCIPAL--NOMBRE DE PERSONA | |
| Nombre de persona | Arques, Enrique, |
| Fechas asociadas al nombre | 1885-1970 |
| Número de control del registro de autoridad o número normalizado | XX836852 |
| 9 (RLIN) | 23194 |
| Término indicativo de función/relación | Autor |
| 245 10 - MENCIÓN DEL TÍTULO | |
| Título | 17 de julio : |
| Resto del título | la epopeya de África : crónica de un testigo / |
| Mención de responsabilidad, etc. | [Enrique Arqués]. |
| 250 ## - MENCION DE EDICION | |
| Mención de edición | 2ª ed. |
| 260 ## - PUBLICACIÓN, DISTRIBUCIÓN, ETC. | |
| Lugar de publicación, distribución, etc. | Madrid : |
| Nombre del editor, distribuidor, etc. | Instituto Editorial Reus, |
| Fecha de publicación, distribución, etc. | 1948 |
| 300 ## - DESCRIPCIÓN FÍSICA | |
| Extensión | 223, [15] h. de lám., [30] p. de lám., [2] p. de map. : |
| Otras características físicas | lám. ; |
| Dimensiones | 27 cm |
| 336 ## - TIPO DE CONTENIDO | |
| Fuente | rdacontent |
| Término de tipo de contenido | texto |
| 337 ## - TIPO DE MEDIO | |
| Fuente | rdamedia |
| Nombre/término del tipo de medio | sin mediación |
| 338 ## - TIPO DE SOPORTE | |
| Fuente | rdacarrier |
| Nombre/término del tipo de soporte | volumen |
| 651 #4 - PUNTO DE ACCESO ADICIONAL DE MATERIA--NOMBRE GEOGRÁFICO | |
| Nombre geográfico | España- |
| Subdivisión general | Historia- |
| Subdivisión cronológica | 1936-1939, Guerra civil- |
| Subdivisión de forma | Relatos personales |
| Fuente del encabezamiento o término | embne |
| 9 (RLIN) | 8326 |
| 852 ## - LOCALIZACIÓN | |
| Ubicación | Es-MaACL |
| Ubicación en estantería | Depósito 1 |
| Número de control de estantería | A-15129 |
| Donativo/Legado | Legado: Basilio Martín Patino |
| itemnumber | 201315 |
| 903 ## - NOMBRE PERSONAL DE DONANTE | |
| a | Martín Patino, Basilio, |
| d | 1930-2017 |
| q | 1 |
| e | Donante |
| 9 | 77596 |
| 942 ## - ELEMENTOS DE ENTRADA SECUNDARIOS (KOHA) | |
| Suprimir en OPAC | No |
| Tipo de ítem Koha | Libro impreso |
| Estatus retirado | Estado de pérdida | Fuente del sistema de clasificación o colocación | Estado de daño | No para préstamo | Biblioteca de origen | Biblioteca actual | Ubicación en estantería | Fecha de adquisición | Fuente de adquisición | Total de préstamos | Signatura topográfica completa | Código de barras | Visto por última vez | Precio de reemplazo | Tipo de ítem Koha |
|---|---|---|---|---|---|---|---|---|---|---|---|---|---|---|---|
| Clasificación decimal universal | Biblioteca del Ateneo de Madrid | Biblioteca del Ateneo de Madrid | Depósito 1 | 12/02/2024 | Legado | A-15129 | 101206712 | 12/02/2024 | 12/02/2024 | Libro impreso |
